The dynamic system that exists in the sieve tubes of TPD affected trees of Hevea brasiliensis (Record no. 70586)

MARC details
000 -LEADER
fixed length control field 00466nam a2200109Ia 4500
100 ## - MAIN ENTRY--AUTHOR NAME
Personal name Thomas Vinoth
245 #4 - TITLE STATEMENT
Title The dynamic system that exists in the sieve tubes of TPD affected trees of Hevea brasiliensis
260 ## - PUBLICATION, DISTRIBUTION, ETC. (IMPRINT)
Name of publisher IRC 2012. International Rubber Conference, 28-31 October 2012, Kovalam, India, Rubber Research Institute of India, Kottayam and IRRDB, Malaysia: Abstracts. pp.65.
650 ## - SUBJECT ADDED ENTRY--TOPICAL TERM
Topical Term TPD
942 ## - ADDED ENTRY ELEMENTS (KOHA)
Koha item type Journals
Holdings
Withdrawn status Lost status Damaged status Not for loan Home library Current library Shelving location Date acquired Koha item type
      Journals RRII Library RRII Library Crop imporvement 16/04/2013 Journals